Statistiques concernant Paroles - Dans ma ville on traîne - Orelsan

Cliquez ici pour prendre le quiz!

Statistiques générales

  • Ce quiz a été pris 45 fois
  • Le résultat moyen est 113 sur 146

Statistiques - réponses

Réponse% Correct
DansJ'aimatdanss'ouvrir
95%
dansdontetpensedes
95%
dansl'tempschevaliersen
95%
dansencoreriendes
95%
danssouspapier
95%
dansquelquesdesbourges
95%
dansquevoirderrière
95%
dansclopesd'lal'monde
95%
dansled'oùles
95%
dansledesdevant
95%
dansquelquesade
95%
dansilspas
95%
dansfactrucrappeler
95%
dansivre-mortsreviensj'ai
95%
danssilancernous
95%
dansquipastous
95%
dansbouteilleprendres'abîmequi
95%
matellementlalesles
95%
maoncrachin
95%
onfaçonà
95%
onsuspensprendrepavillonslégendes
95%
ondansdanspasà
95%
traînéj'tuedesmer
95%
traînémi-tempsj'rappaispassera
95%
traîneleslestrèscoup
95%
villetoutfabriquenormand
95%
villetraînéqueueusinesveines
95%
entrerueskebabsloinde
92%
letoutdesprostituent
92%
ledeenontesson
92%
lesbruitquartiersl'hôpital
92%
lesvonttantles
92%
lesetfuméeconnaît
92%
lesmecscrupartout
92%
lesavecd'boîttuecalcinel'épicerie
92%
lesleslesla
92%
lesuneonest
92%
lesplusma
92%
lesdelesleset
92%
lesportj'vienscourses
92%
lesunelafamillesous
92%
lesduparceretour
92%
lessiclochards
92%
lesdevraientj'yet
92%
leslestu
92%
les5hc'estvu
92%
lesj'tuesiàmariages
92%
lesladernierj'ai
92%
lesaprèsprèsmoins
92%
lesbarschampsmendient
92%
lesondestrouvaient
92%
lesdeuxalorsàdouves
92%
lesenbienqu'on
92%
dedansdroitelachâteau
92%
ruessurpasseéglises
92%
centrebuunepourdu
90%
destraînétuvoisineles
87%
duaprendrecarburantprès
87%
dudeàcoineffacent
87%
magasinsmondestucôtéet
87%
rues22hdude
87%
ruestoutpitafaittoujours
87%
ruespasseraistu
87%
àtraînéquanddécisifsdétruisent
85%
adontj'tiraisla
85%
bétonCaensortiesedevant
85%
fermentenpeuxdesses
85%
j'aimondesonprendpleuvoir
85%
labucommerciauxfragilemême
85%
lafaçonfamillesallecent
85%
pavéesl'mondeouduouverte
85%
tousentreoumachineses
85%
monJ'aim'baladerdesfois
82%
paslaenlaaux
82%
quedeuxcanalde
82%
estl'mondelesduelle
79%
estcriminellemagasinqui
79%
jamaisenpassaitl'périphcorrectement
79%
commeacentresblancest
77%
passecriminellelerectilignesurbaines
77%
plainesunepeuxoncelle
77%
sontavecdeentemples
77%
zonesl'tempsjamaisc'quedes
77%
zonesdanstemosquées
77%
industriellesj'aitupenseenterrements
74%
mêmesbouteillevilleun
74%
autantdedansPizzagrues
72%
baraquesCaenbordsdimanchesles
72%
copineentreénormeslefoutue
72%
cracherdansonpasun
72%
dessuslesavaitloinbâtiment
72%
détestebudevantdes
72%
j'passel'tempstellementratéchaque
72%
parcsétaitavionstellement
72%
parcss'terminerqu'çabourges
72%
pavillonaireslesréveillerasonles
72%
premièrededanssontlongepas
72%
surcroisesminutes
72%
surs'approcheralléde
72%
tempsavecyouhoupartie
72%
tempstellementmêmelayupsqu'ils
72%
j'laaralentitmilieu
69%
mursd'gensgrand-mèreles
69%
mursbordqu'onen
69%
l'aimedeuxArte
67%
pourtantj'tuej'aimaisj'aià
67%
taguétupont20
67%
taguétropjamaisseras
67%
weekendsfaçontramonfait
67%
j'peuxcriminellesamedisàville
64%
parceenloinles
64%
qu'onsuspensdubus
64%
barsquiy'a
62%
barsflicsgrandesbrume
62%
beauCaenacheterperduune
62%
ciell'mondeparentsau
62%
malbouteillelefillesmon
62%
parlerruesque dalled'unils
62%
quitterdontclochers
62%
qu'jeentreDel
62%
regardercaddiesepassé
62%
euesuspenslest'arrivesma
59%
prèstellementt'endorsladans
59%
seraituneouaislesde
59%
pareilslad'jouetst'emmènent
56%
surementmondespasy'a
56%
vomit'entendraspeuxl'Angleterre
56%
vomilesy'ales
56%
dormisurfont
54%
dormiencoreennuls
54%
skatécommem'emmenaitparisiens
54%
skatéquands'mélangeville
54%
boîtesduqu'on
49%
boîtesy'atudont
49%
danséettourspasse
49%
danséserventplusy'a
49%
squaresbomnbardementstuvois
46%
squaresdansaprèset
46%
squatsdefairepour
46%
squatsdesquandles
46%
fumédesvoistout
44%
fuméventl'architectevoit
44%
stadesdeuxièmesiy
33%
stadesduqueGigi
33%
chantéanglaistunoms
31%
chantélaunnous
31%

Distribution des résultats

Percentile par nombre de réponses

% des personnes avec chaque résultat

Votre développement - résultats

Vous n’avez pas pris ce quiz